[Event "NED-ch U13"]
[Site "Rijswijk"]
[Date "2011.06.04"]
[Round "8"]
[White "Oerlemans, Gideon"]
[Black "Verhagen, Pieter"]
[Result "0-1"]
[WhiteElo "1343"]
[BlackElo "969"]
[PlyCount "124"]
[EventDate "2011.06.02"]
[EventType "swiss"]
[EventRounds "9"]
[EventCountry "NED"]
[SourceTitle "EXT 2012"]
[Source "ChessBase"]
[SourceDate "2011.11.24"]
[SourceVersion "1"]
[SourceVersionDate "2011.11.24"]
[SourceQuality "1"]

1. d4 d5 2. c4 Nf6 3. Nc3 c6 4. Nf3 Bf5 5. Bg5 Nbd7 6. e3 h6 7. Bh4 g5 8. Bg3 Bg7 9. Be2 e6 10. Bd6 Qb6 11. Qd2 c5 12. dxc5 Nxc5 13. Be5 Ncd7 14. Bd4 Qc6 15. Ne5 Nxe5 16. Bxe5 0-0 17. cxd5 exd5 18. Bb5 Qe6 19. Bxf6 Bxf6 20. Nxd5 Bxb2 21. Rd1 Be5 22. 0-0 Rad8 23. Bc4 Be4 24. f3 Bc3 25. Qxc3 Bxd5 26. Rxd5 Rxd5 27. e4 Rc5 28. Rc1 Rfc8 29. Bxe6 Rxc3 30. Rxc3 Rxc3 31. Bd5 Ra3 32. Kf2 b6 33. Kg3 Kg7 34. Kg4 Kg6 35. h4 h5+ 36. Kh3 g4+ 37. Kg3 f5 38. Kf4 Kf6 39. e5+ Kg6 40. Be6 Ra4+ 41. Kg3 f4+ 42. Kf2 g3+ 43. Ke2 Rd4 44. Bb3 a5 45. e6 Kf6 46. a3 b5 47. Ba2 a4 48. Bb1 Kxe6 49. Bg6 Rd5 50. Be4 Re5 51. Kd3 Kd6 52. Kc3 Kc5 53. Kd3 Re6 54. Kc3 Rxe4 55. fxe4 f3 56. e5 fxg2 57. e6 g1Q 58. e7 Qe1+ 59. Kc2 Qxe7 60. Kd3 g2 61. Kd2 g1R 62. Kc3 Qe3+ 0-1

[Event "NED-ch U13"]
[Site "Rijswijk"]
[Date "2011.06.02"]
[Round "1"]
[White "Hillenkamp, Melchior"]
[Black "Verhagen, Pieter"]
[Result "0-1"]
[WhiteElo "1485"]
[BlackElo "969"]
[PlyCount "90"]
[EventDate "2011.06.02"]
[EventType "swiss"]
[EventRounds "9"]
[EventCountry "NED"]
[SourceTitle "EXT 2012"]
[Source "ChessBase"]
[SourceDate "2011.11.24"]
[SourceVersion "1"]
[SourceVersionDate "2011.11.24"]
[SourceQuality "1"]

1. e4 e5 2. Nf3 Nc6 3. Bc4 Bc5 4. d3 Nf6 5. 0-0 d6 6. h3 h6 7. Nc3 a6 8. Be3 Bxe3 9. fxe3 Be6 10. Bb3 Qd7 11. Kh2 Ne7 12. Nh4 0-0 13. Nf5 Nxf5 14. exf5 Bxf5 15. e4 Be6 16. Rf3 d5 17. exd5 Nxd5 18. Nxd5 Bxd5 19. Rg3 Bxb3 20. axb3 Qf5 21. Qd2 Qf4 22. Qe2 g6 23. Rf1 Qd4 24. c3 Qd6 25. Rf5 Rae8 26. Rh5 Kh7 27. Rh4 Qf6 28. Qe4 c6 29. Rgg4 Qf5 30. Qe3 h5 31. Rg5 Qf6 32. Re4 Qd6 33. g4 f6 34. gxh5 fxg5 35. Qxg5 Rf2+ 36. Kg3 Rf5 37. Qg4 Rxh5 38. Qf3 Rf8 39. Qe2 Rff5 40. h4 Kg7 41. Kg4 Rf4+ 42. Rxf4 exf4 43. Qe8 Qf6 44. Qe1 Qf5+ 45. Kf3 Qh3+ 0-1